| 000 | 01265nam a2200229 a 4500 | ||
|---|---|---|---|
| 001 | 000870474 | ||
| 003 | AM-YeHGA | ||
| 005 | 20250617145208.0 | ||
| 008 | 120228s1982 ||| r 000 0 rus d | ||
| 040 | _aAM-YeHGA | ||
| 041 | 0 | _arus | |
| 245 | 0 | 0 |
_aПроблемы личности автора в художественном произведении на материале западноевропейской литературы : _bСборник научных трудов / _cВладимир. гос. пед. ин-т им. П.И. Лебедева-Полянского; Редкол.: П.Б. Гурвич (отв. ред.) и др. |
| 260 |
_aВладимир : _bВГПИ, _c1982. |
||
| 300 | _a149 с. | ||
| 650 | 1 | 4 | _aЛитературоведение |
| 653 | 0 | _aАвтор [лит.] - Сборники | |
| 653 | 0 | _aЗападноевропейская литература. 18-20 вв. - Сборники | |
| 653 | 0 | _aАмериканская литература [США]. 20 в. - Сборники | |
| 700 | 0 |
_aГурвич, П.Б. _eред. _4edt |
|
| 710 | 2 | _aВладимирский государственный педагогический институт им. П.И. Лебедева-Полянского | |
| 090 | _c309492 | ||
| 999 |
_c307783 _d307783 |
||